| 000 | 00543nam a2200193 u 4500 | ||
|---|---|---|---|
| 005 | 20240913064619.0 | ||
| 008 | 071015s2005 ag r 000 0 spa d | ||
| 020 | _a9870005179 | ||
| 035 | _aUPN01000152974 | ||
| 049 | _aCG | ||
| 050 | 4 |
_aHV6626 _bA5.8 |
|
| 100 | 1 | _aAnido, Mabel | |
| 245 | 1 | 0 |
_aViolencia en la familia-- : _bde eso no se habla / _cMabel Anido. |
| 260 |
_aBuenos Aires : _bLumen, _c2005. |
||
| 300 |
_axv, 109 p. : _bil. |
||
| 440 | 0 | _aAdicciones y cómo vencerlas | |
| 650 | 4 |
_aViolencia familiar _95665 |
|
| 905 | _aLibro | ||
| 999 |
_c125097 _d125097 |
||